| 000 | 00502nam a2200217 454500 | ||
|---|---|---|---|
| 001 | 038362 | ||
| 003 | BD-ChCU | ||
| 008 | Eng | ||
| 020 | _a0024713007 | ||
| 040 |
_aDLC _cDLC _dBD-ChCU |
||
| 082 | 0 | 0 | _a628.925/B915f |
| 100 | 1 |
_aBryan, John L. _bx |
|
| 245 | 1 | 0 |
_aFire suppression and detection systems _bx |
| 250 | _a2 | ||
| 260 |
_aNew York _bMacmillan _c1982 |
||
| 300 | _ax,518 | ||
| 504 | _aIndex | ||
| 650 | 0 |
_aFire extinguishers _bFire fighting |
|
| 700 | 1 | _ax | |
| 942 |
_2ddc _cBK |
||
| 999 |
_c38362 _d38362 |
||